150 South Park Characters - Statistics

General Stats
  • This quiz has been taken 275 times
  • The average score is 73 of 150
Answer Stats
Picture Answer % Correct
Eric Cartman
84%
Jerome "Chef" McElroy
83%
Kenny McCormick
83%
Kyle Broflovski
83%
Stan Marsh
83%
Butters Stotch
82%
Ike Broflovski
81%
Timmy Burch
81%
Jesus Christ
80%
Jimmy Valmer
80%
Mr. Garrison
80%
Randy Marsh
80%
Tolkien Black
80%
Tweek Tweak
80%
Wendy Testaburger
80%
President Garrison
79%
Terrance
79%
Bebe Stevens
78%
Craig Tucker
78%
Philip
78%
Santa
78%
Satan
78%
Michael Jackson
77%
Mickey Mouse
77%
Towelie
77%
Barrack Obama
76%
Mr. Mackey
76%
Officer Barbrady
74%
The Coon
74%
Clyde Donovan
73%
Mr. Hat
73%
PC Principal
73%
Shelly Marsh
73%
Big Gay Al
72%
Mr. Slave
72%
Liane Cartman
71%
Sheila Broflovski
71%
Kanye West
70%
Pip Pirrip
70%
Professor Chaos
70%
Sharon Marsh
70%
Gerald Broflovski
69%
Starvin Marvin
69%
Saddam Hussein
68%
Mr. Hankey
67%
Kim Jong Un
66%
Lorde
65%
Mysterion
65%
Heidi Turner
63%
Jimbo Kern
63%
ManBearPig
63%
Osama Bin Laden
63%
P Diddy
60%
Sexual Harassment Panda
59%
Ned Gerblanski
58%
Paris Hilton
58%
Scott Tenorman
58%
Principal Victoria
57%
Mark Zuckerberg
56%
Red McArthur
56%
Human Kite
55%
Ms. Choksondik
55%
Stephen Stotch
55%
Tom Brady
55%
Hillary Clinton
53%
Linda Stotch
51%
Marvin Marsh
51%
Mosquito
51%
Scott Malkinson
51%
Hennifer Lopez
50%
Vladmir Putin
50%
AWESOME-O 4000
48%
Stuart McCormick
48%
Bill Gates
47%
Carol McCormick
47%
Kyle Schwartz
47%
Crab King
45%
Mimsy
45%
Strong Woman
45%
Tupperware
45%
Mintberry Crunch
44%
General Disarray
43%
George Bush
43%
Bill Clinton
42%
Oprah Winfrey
42%
Al Gore
41%
Biggie Smalls
41%
Britney Spears
41%
Caitlyn Jenner
41%
Damien Thorn (Son of Satan)
41%
Nathan
41%
Nichole Daniels
41%
Toolshed
41%
Ms. Crabtree
40%
Captain Diabetes
38%
Lemmiwinks
38%
Joseph Smith
37%
Mr. Twig
37%
Sparky
37%
Steve Irwin
36%
Father Maxi
35%
Marjorine
35%
Snookie
35%
Steve Black
35%
Charles Manson
34%
Dr. Alphonse Mephesto
34%
Karen McCormick
34%
Kevin McCormick
34%
Jeff Bezos
33%
Dr. Cornwallis (Head of PETA)
30%
Trent Boyett
30%
Tuong Lu Kim (City Wok Guy)
30%
Bono
28%
Captain Hindsight
28%
Fastpass
28%
Linda Black
28%
Jason White
27%
Barbara Streisand
26%
Kevin Stoley
26%
R. Kelly
26%
Dougie O'Connell
25%
Mayor McDaniels
25%
Bradley Biggle
24%
Kevin Mephesto
24%
Wing
24%
Nurse Gollum (Conjoined Fetus Lady)
23%
Bill Cosby
22%
Cesar Millan
22%
Jose Venezuela
22%
Pete (Goth Kid)
22%
Sgt. Harrison Yates
22%
6th Grader
19%
Jesse Jackson
19%
Howard Cartman
18%
Celine Dion
17%
Sally Struthers
17%
Skeeter
16%
Scuzzlebutt
15%
Darryl Weathers
13%
Jakovasaur (Junjun)
13%
Marklar
13%
Ms. Claridge
13%
Baahir Hasaan Abdul Hakeem
11%
Mark Cotswolds
11%
Dildo Schwaggins
10%
Heather Swanson
10%
Tom Pusslicker
9%
Heather Conduct
6%
Heather Williams
4%
Jenkins
4%
No matching quizzes found
Score Distribution
Percent of People with Each Score
Percentile by Number Answered
Your Score History
You have not taken this quiz